000 00975nam a22002534a 4500
005 20071114120703.0
008 070217s2007 ii | b 00| 0 eng
010 _aENG-93344
020 _a8189886517
_c640.00
020 _a9788189886516
_c640.00
035 _aEN-76877
037 _bDBAD / PUB
040 _adpl
_bEnglish
082 _a352.00722
100 _aRoy, Bhaktapada Sinha
245 _aPanchayati Raj institutions and rural development:
_cby Bhaktapada Sinha Roy
_ba case study of West Bengal /
260 _aDelhi
_bAbhijeet Publications
_c2008
270 _a2/46 Tukhmeerpur Extension
_bDelhi
_e110094
300 _aviii, 220p.
_c22cm (Hb)
650 _aPanchayat
_zIndia
650 _aRural development
_zIndia
942 _2ddc
_cEN
_mROY
_h352.00722
999 _c25995
_d25995